| 000 | 00662nam a2200277Ia 4500 | ||
|---|---|---|---|
| 001 | Z_2917 | ||
| 003 | CHAP | ||
| 008 | 220113s1989 xx 000 0 und d | ||
| 010 | _a166000 | ||
| 040 | _cCHAP | ||
| 082 | _a636.3 F7y | ||
| 100 |
_aFraser, Allan _943062 |
||
| 245 |
_aGanado ovino : producción y enfermedades / _cpor Allan Fraser y John T. Stamp |
||
| 260 |
_aMadrid : _bMundi-Prensa, _c1989 |
||
| 300 | _a358 p. | ||
| 440 | _a | ||
| 500 | _aTrad. De : Sheep husbandry and diseases 6 ed. | ||
| 503 | _a201111, C/E | ||
| 650 | _a | ||
| 901 | _a636.3 F7y | ||
| 902 | _aA | ||
| 910 | _a1989 | ||
| 942 | _c1 | ||
| 942 | _cc1 | ||
| 999 |
_c166000 _d166000 |
||